000 01267nam a22003617a 4500
003 CHAP
005 20220329135729.0
008 971013s1973 r 00010 d
010 _a41211
011 _a42183
035 _a46311
040 _cCHAP
082 _a631.0915
_bE5p
245 _aEnfoque interdisciplinario integrado del desarrollo de las zonas áridas ; Simposio Mexicano-Israelí
260 _aSaltillo, Coah. :
_b(s.e.),
_c1973
300 _aPag. varía
500 _aPonencias del simposio
590 _aBATCH-UPD
_b10
_c20130110
_lUCH01
_h0119
590 _aBATCH-UPD
_b10
_c20130110
_lUCH01
_h1711
590 _aBATCH-UPD
_b10
_c20130409
_lUCH01
_h2112
590 _aBATCH-UPD
_b10
_c20130410
_lUCH01
_h1057
590 _aBATCH-UPD
_b10
_c20130914
_lUCH01
_h1119
590 _aCONVERSION
_b10
_c20130109
_lUCH01
_h1323
650 1 4 _aAgua
_xConservacion
_xRegiones aridas.
_92337
650 1 4 _aCultivos
_xEfecto de las sequías.
_930255
650 1 4 _aEcología vegetal.
_935188
650 1 4 _aRegiones áridas.
_995669
650 1 4 _aRegiones áridas
_xCongresos.
_995682
901 _aBK
942 _cLIBRO
949 _a631.0915 E5p
_bBC
_cLIBRO
_d-105639
_eLIBRO
_h23011
_i46311
_si
949 _a631.0915 E5p
_bBC
_cLIBRO
_d-105640
_eLIBRO
_fc.2
_h33858
_i46311
_si
999 _c41211
_d41211